La gallina degollada y otros cuentos / (Record no. 114560)

MARC details
000 -LEADER
campo de control de longitud fija 00845nam a22001931 4500
001 - NÚMERO DE CONTROL
campo de control 114560
003 - IDENTIFICADOR DE NÚMERO DE CONTROL
campo de control ES-MaACL
005 - FECHA Y HORA DE LA ÚLTIMA TRANSACCIÓN
campo de control 20230906190204.0
007 - CAMPO FIJO DE DESCRIPCIÓN FÍSICA--INFORMACIÓN GENERAL
campo de control de longitud fija t|
008 - DATOS DE LONGITUD FIJA--INFORMACIÓN GENERAL
campo de control de longitud fija 070309q19201929sp ||||0| spa d
016 7# - NÚMERO DE CONTROL DE UNA AGENCIA BIBLIOGRÁFICA NACIONAL
Número de control cancelado/no válido IND9600735850
040 ## - FUENTE DE CATALOGACIÓN
Centro catalogador/agencia de origen M-BN
Lengua de catalogación spa
Centro/agencia transcriptor CDM
100 1# - ENTRADA PRINCIPAL--NOMBRE DE PERSONA
Nombre de persona Quiroga, Horacio.
9 (RLIN) 94770
245 13 - MENCIÓN DEL TÍTULO
Título La gallina degollada y otros cuentos /
Mención de responsabilidad, etc. Horacio Quiroga.
260 ## - PUBLICACIÓN, DISTRIBUCIÓN, ETC.
Lugar de publicación, distribución, etc. Madrid :
Nombre del editor, distribuidor, etc. Calpe,
Fecha de publicación, distribución, etc. [192-?]
300 ## - DESCRIPCIÓN FÍSICA
Extensión 237 p. ;
Dimensiones 19 cm.
505 8# - NOTA DE CONTENIDO CON FORMATO
Nota de contenido con formato I. La gallina degollada II. Los buques suicidantes III. El perro rabioso IV. A la deriva V. La insolación VI. El alambre de púa VII. Los mensu VIII. "Yaguai" IX. Los pescadores de vigas X. Anaconda XI. El simim XII. Gloria tropical XIII. Dieta de amor XIV. Polea loca XV. Cuento para novios XVI. La reina italiana XVII. Tres cartas... y un pie
852 ## - LOCALIZACIÓN
Ubicación ES-MaACL
Número de control de estantería A-3927
Holdings
Estatus retirado Estado de pérdida Estado de daño No para préstamo Biblioteca de origen Biblioteca actual Ubicación en estantería Fecha de adquisición Fuente de adquisición Total de préstamos Signatura topográfica completa Código de barras Visto por última vez Precio de reemplazo Tipo de ítem Koha
        Biblioteca del Ateneo de Madrid Biblioteca del Ateneo de Madrid Sala Pecera Planta 1 17/01/2008     A-3927 1119469 23/02/2023 23/02/2023 Libro impreso